000 00526nam a2200205Ia 4500
005 20250326142045.0
008 250326s9999 xx 000 0 und d
020 _a0-03-910719-1
037 _aTextbook
040 _aFMSL
_beng
_cFMSL
041 _aeng
_2eng
084 _aX:8D M6
_qFMSL
100 _aBrigham E F
245 0 _aFundamentals of ficial management
_cBrigham E F
250 _a4
260 _aNY
_bNY, Dryden
_c1986
300 _axvii,780
942 _cTB
_hX:8D M6
999 _c1293238
_d1293238